Biología del conocimiento (Record no. 127361)

MARC details
000 -LEADER
campo de control de longitud fija 00857nam a2200217 4500
001 - NÚMERO DE CONTROL
campo de control 127361
003 - IDENTIFICADOR DE NÚMERO DE CONTROL
campo de control ES-MaACL
007 - CAMPO FIJO DE DESCRIPCIÓN FÍSICA--INFORMACIÓN GENERAL
campo de control de longitud fija t|
008 - DATOS DE LONGITUD FIJA--INFORMACIÓN GENERAL
campo de control de longitud fija 070214s1983 sp r ||||1| spa d
100 1# - ENTRADA PRINCIPAL--NOMBRE DE PERSONA
Nombre de persona Riedl, Rupert.
9 (RLIN) 97079
245 10 - MENCIÓN DEL TÍTULO
Título Biología del conocimiento
Resto del título : los fundamentos filogenéticos de la razón /
Mención de responsabilidad, etc. Rupert Riedl ; con la colaboración de Robert Kaspar ; con 60 figuras de Smoky Riedl ; traducción de Juan Pedro Acordagoicoechea Goicoechea.
260 ## - PUBLICACIÓN, DISTRIBUCIÓN, ETC.
Lugar de publicación, distribución, etc. Barcelona :
Nombre del editor, distribuidor, etc. Labor,
Fecha de publicación, distribución, etc. 1983.
300 ## - DESCRIPCIÓN FÍSICA
Extensión 252 p. :
Otras características físicas il. ;
Dimensiones 22 cm.
490 1# - MENCIÓN DE SERIE
Mención de serie Labor universitaria. Monografías
700 1# - ENTRADA AGREGADA--NOMBRE PERSONAL
Nombre de persona Kaspar, Robert.
9 (RLIN) 67603
700 1# - ENTRADA AGREGADA--NOMBRE PERSONAL
Nombre de persona Riedl, Smoky.
9 (RLIN) 97080
700 1# - ENTRADA AGREGADA--NOMBRE PERSONAL
Nombre de persona Acordagoicoechea Goicoechea, Juan Pedro.
9 (RLIN) 18289
830 00 - PUNTO DE ACCESO ADICIONAL DE SERIE-TÍTULO UNIFORME
Título uniforme Colección Labor universitaria
9 (RLIN) 178634
852 ## - LOCALIZACIÓN
Ubicación ES-MaACL
Número de control de estantería L-4637
Sublocalización o colección R.105273
Holdings
Estatus retirado Estado de pérdida Estado de daño No para préstamo Biblioteca de origen Biblioteca actual Ubicación en estantería Fecha de adquisición Fuente de adquisición Total de préstamos Signatura topográfica completa Código de barras Visto por última vez Precio de reemplazo Tipo de ítem Koha
        Biblioteca del Ateneo de Madrid Biblioteca del Ateneo de Madrid Depósito 2 17/01/2008     L-4637 1132653 23/02/2023 23/02/2023 Libro impreso